[Event "EYCC 2024 - O14"]
[Site "?"]
[Date "2024.08.31"]
[Round "9.9"]
[White "Banerjee, Aryan"]
[Black "Kanana, Ziad"]
[Result "1/2-1/2"]
[BlackElo "2102"]
[WhiteElo "1995"]
[LiveChessVersion "1.4.8"]

1. d4 {[%clk 1:30:51]} Nf6 {[%clk 1:30:57]} 2. Nf3 {[%clk 1:31:14]} g6
{[%clk 1:31:22]} 3. g3 {[%clk 1:31:41]} Bg7 {[%clk 1:31:49]} 4. Bg2
{[%clk 1:32:03]} O-O {[%clk 1:32:06]} 5. O-O {[%clk 1:32:28]} d6 {[%clk 1:28:43]}
6. c4 {[%clk 1:31:51]} c5 {[%clk 1:28:29]} 7. dxc5 {[%clk 1:29:38]} dxc5
{[%clk 1:28:52]} 8. Nc3 {[%clk 1:30:01]} Nc6 {[%clk 1:28:47]} 9. h3
{[%clk 1:24:51]} Be6 {[%clk 1:26:00]} 10. Qa4 {[%clk 1:24:38]} Nd4
{[%clk 1:18:34]} 11. Be3 {[%clk 1:16:16]} a6 {[%clk 1:10:11]} 12. Qd1
{[%clk 1:09:41]} Nxf3+ {[%clk 1:01:19]} 13. Bxf3 {[%clk 1:09:53]} Bxh3
{[%clk 0:47:53]} 14. Qxd8 {[%clk 0:59:40]} Raxd8 {[%clk 0:43:31]} 15. Rfd1
{[%clk 0:59:35]} b6 {[%clk 0:41:02]} 16. Na4 {[%clk 0:56:59]} Nd7
{[%clk 0:38:34]} 17. Rac1 {[%clk 0:46:13]} Be6 {[%clk 0:35:42]} 18. b3
{[%clk 0:44:50]} Rb8 {[%clk 0:33:02]} 19. Bd5 {[%clk 0:30:34]} Bf5
{[%clk 0:31:59]} 20. f3 {[%clk 0:20:04]} h5 {[%clk 0:31:40]} 21. Bf4
{[%clk 0:19:15]} Ne5 {[%clk 0:28:54]} 22. e4 {[%clk 0:17:50]} Bc8
{[%clk 0:28:02]} 23. Kg2 {[%clk 0:14:43]} e6 {[%clk 0:24:38]} 24. Bxe5
{[%clk 0:08:56]} Bxe5 {[%clk 0:24:56]} 25. Bc6 {[%clk 0:09:18]} Bd4
{[%clk 0:19:24]} 26. Nc3 {[%clk 0:07:41]} Bb7 {[%clk 0:11:57]} 27. Bxb7
{[%clk 0:07:25]} Rxb7 {[%clk 0:12:16]} 28. Rd3 {[%clk 0:05:34]} b5
{[%clk 0:08:11]} 29. cxb5 {[%clk 0:05:15]} axb5 {[%clk 0:08:35]} 30. Ne2
{[%clk 0:04:54]} e5 {[%clk 0:07:53]} 31. f4 {[%clk 0:03:28]} f6 {[%clk 0:07:09]}
32. fxe5 {[%clk 0:03:25]} fxe5 {[%clk 0:07:24]} 33. Nxd4 {[%clk 0:03:49]} cxd4
{[%clk 0:07:21]} 34. Rc5 {[%clk 0:04:10]} Re8 {[%clk 0:06:34]} 35. b4
{[%clk 0:03:31]} Ree7 {[%clk 0:04:02]} 36. Rf3 {[%clk 0:03:19]} Kg7
{[%clk 0:03:46]} 37. a3 {[%clk 0:02:16]} Kh6 {[%clk 0:03:36]} 38. Kh3
{[%clk 0:02:30]} Kg5 {[%clk 0:03:26]} 39. Rd5 {[%clk 0:02:49]} Re6
{[%clk 0:01:43]} 40. Rc5 {[%clk 0:03:07]} Kh6 {[%clk 0:01:49]} 41. Rd5
{[%clk 0:03:12]} Kg7 {[%clk 0:02:08]} 42. Kg2 {[%clk 0:03:14]} Ree7
{[%clk 0:01:51]} 43. Rc5 {[%clk 0:02:53]} Rb6 {[%clk 0:01:39]} 44. Rd5
{[%clk 0:03:03]} Kh6 {[%clk 0:01:27]} 45. Kh3 {[%clk 0:03:15]} Rb8
{[%clk 0:01:05]} 46. Rc5 {[%clk 0:03:27]} Kg7 {[%clk 0:01:16]} 47. Kg2
{[%clk 0:03:52]} Re6 {[%clk 0:00:56]} 48. Rd5 {[%clk 0:04:09]} Kh6
{[%clk 0:00:49]} 49. Rc5 {[%clk 0:04:22]} Kg5 {[%clk 0:00:41]} 50. Kh3
{[%clk 0:04:45]} Kh6 {[%clk 0:00:46]} 51. Rd5 {[%clk 0:05:04]} Kg5
{[%clk 0:01:15]} 52. Rc5 {[%clk 0:05:22]} Rb7 {[%clk 0:01:45]} 53. Rd5
{[%clk 0:05:38]} Rbb6 {[%clk 0:02:14]} 54. Rc5 {[%clk 0:05:03]} Kh6
{[%clk 0:02:43]} 55. Kg2 {[%clk 0:04:16]} Rb7 {[%clk 0:03:05]} 56. Rd5
{[%clk 0:04:36]} Kg5 {[%clk 0:03:25]} 57. Kh3 {[%clk 0:04:57]} Rb8
{[%clk 0:03:45]} 58. Rc5 {[%clk 0:05:05]} Kh6 {[%clk 0:04:14]} 59. Rd5
{[%clk 0:04:57]} Rb7 {[%clk 0:04:29]} 60. Kg2 {[%clk 0:04:41]} Rbb6
{[%clk 0:04:54]} 61. Rc5 {[%clk 0:04:41]} Kg7 {[%clk 0:05:14]} 62. Rc7+
{[%clk 0:04:50]} Kh6 {[%clk 0:05:33]} 63. Rc5 {[%clk 0:05:16]} Kg5
{[%clk 0:05:45]} 64. Kh3 {[%clk 0:05:34]} Kh6 {[%clk 0:05:59]} 65. Kg2
{[%clk 0:05:51]} Kg5 {[%clk 0:06:28]} 66. Kh3 {[%clk 0:06:13]} Rb7
{[%clk 0:05:17]} 67. Rd5 {[%clk 0:06:35]} Kh6 {[%clk 0:05:41]} 68. Kg2
{[%clk 0:06:41]} Re8 {[%clk 0:06:09]} 69. Kh3 {[%clk 0:06:49]} Kg5
{[%clk 0:06:22]} 70. Rf2 {[%clk 0:06:36]} Ree7 {[%clk 0:06:20]} 71. Rf3
{[%clk 0:06:53]} Kh6 {[%clk 0:05:59]} 72. Kg2 {[%clk 0:07:16]} Re8
{[%clk 0:05:57]} 73. Kh3 {[%clk 0:07:34]} Ree7 {[%clk 0:06:24]} 74. Kg2
{[%clk 0:07:53]} Kg7 {[%clk 0:06:25]} 75. Rc5 {[%clk 0:08:09]} Rb8
{[%clk 0:04:03]} 76. Rd5 {[%clk 0:08:30]} Kh6 {[%clk 0:03:57]} 77. Kh3
{[%clk 0:08:49]} Rbb7 {[%clk 0:04:24]} 78. Kg2 {[%clk 0:08:56]} Re6
{[%clk 0:03:52]} 79. Kh3 {[%clk 0:08:34]} Rbb6 {[%clk 0:04:21]} 80. Kg2
{[%clk 0:08:50]} 1/2-1/2

[Event "EYCC 2024 - O14"]
[Site "?"]
[Date "2024.08.31"]
[Round "9.10"]
[White "Laignel, Quentin"]
[Black "Ahn, Maximilian"]
[Result "1-0"]
[BlackElo "1934"]
[WhiteElo "2101"]
[LiveChessVersion "1.4.8"]

1. d4 {[%clk 1:30:55]} Nf6 {[%clk 1:30:51]} 2. Nf3 {[%clk 1:30:47]} g6
{[%clk 1:30:54]} 3. c4 {[%clk 1:30:56]} Bg7 {[%clk 1:31:16]} 4. Nc3
{[%clk 1:30:46]} O-O {[%clk 1:31:12]} 5. e4 {[%clk 1:30:41]} d6 {[%clk 1:31:28]}
6. Be2 {[%clk 1:30:26]} e5 {[%clk 1:30:38]} 7. O-O {[%clk 1:30:07]} Nbd7
{[%clk 1:29:11]} 8. Qc2 {[%clk 1:26:08]} exd4 {[%clk 1:23:37]} 9. Nxd4
{[%clk 1:25:28]} Re8 {[%clk 1:20:44]} 10. Rd1 {[%clk 1:22:58]} Nc5
{[%clk 1:10:32]} 11. f3 {[%clk 1:18:25]} c6 {[%clk 1:05:24]} 12. Bg5
{[%clk 1:12:01]} Qc7 {[%clk 0:58:28]} 13. Qd2 {[%clk 1:06:32]} Ne6
{[%clk 0:53:52]} 14. Nxe6 {[%clk 1:02:33]} Bxe6 {[%clk 0:54:12]} 15. Qxd6
{[%clk 0:57:22]} Qb6+ {[%clk 0:50:32]} 16. Qd4 {[%clk 0:57:05]} Qxd4+
{[%clk 0:50:10]} 17. Rxd4 {[%clk 0:57:28]} Nd5 {[%clk 0:49:14]} 18. Rdd1
{[%clk 0:46:57]} Nxc3 {[%clk 0:48:21]} 19. bxc3 {[%clk 0:47:21]} Bxc3
{[%clk 0:47:30]} 20. Rab1 {[%clk 0:43:15]} b6 {[%clk 0:44:04]} 21. Rb3
{[%clk 0:39:57]} Bg7 {[%clk 0:42:10]} 22. a4 {[%clk 0:38:27]} h6 {[%clk 0:38:52]}
23. Be3 {[%clk 0:33:32]} Red8 {[%clk 0:36:41]} 24. Rbb1 {[%clk 0:31:27]} c5
{[%clk 0:28:49]} 25. Rxd8+ {[%clk 0:18:45]} Rxd8 {[%clk 0:29:10]} 26. Kf1
{[%clk 0:19:08]} g5 {[%clk 0:22:18]} 27. a5 {[%clk 0:12:10]} Bd4 {[%clk 0:19:57]}
28. axb6 {[%clk 0:11:19]} Bxe3 {[%clk 0:17:09]} 29. bxa7 {[%clk 0:10:51]} Bf4
{[%clk 0:17:31]} 30. g3 {[%clk 0:09:16]} Be5 {[%clk 0:17:02]} 31. f4
{[%clk 0:08:54]} gxf4 {[%clk 0:17:00]} 32. gxf4 {[%clk 0:09:18]} Bxf4
{[%clk 0:17:23]} 33. e5 {[%clk 0:09:36]} Bxe5 {[%clk 0:17:43]} 34. Bf3
{[%clk 0:09:56]} Bxh2 {[%clk 0:16:50]} 35. Kg2 {[%clk 0:05:14]} Be5
{[%clk 0:16:38]} 36. Rc1 {[%clk 0:05:04]} Kf8 {[%clk 0:13:35]} 37. a8=Q
{[%clk 0:03:48]} Rxa8 {[%clk 0:14:02]} 38. Bxa8 {[%clk 0:04:03]} h5
{[%clk 0:12:47]} 39. Bd5 {[%clk 0:03:20]} Ke7 {[%clk 0:12:59]} 40. Bxe6
{[%clk 0:03:25]} fxe6 {[%clk 0:13:07]} 41. Rh1 {[%clk 0:03:48]} Bd4
{[%clk 0:12:48]} 42. Kf3 {[%clk 0:03:40]} Kf6 {[%clk 0:11:52]} 43. Rxh5
{[%clk 0:03:55]} Kg6 {[%clk 0:11:54]} 44. Rh4 {[%clk 0:04:14]} Kf5
{[%clk 0:11:03]} 45. Rh5+ {[%clk 0:02:16]} Kg6 {[%clk 0:11:25]} 46. Kg4
{[%clk 0:02:39]} Kf6 {[%clk 0:10:46]} 47. Kf4 {[%clk 0:02:11]} Ke7
{[%clk 0:10:50]} 48. Kg5 {[%clk 0:02:14]} Kd6 {[%clk 0:10:48]} 49. Kg6
{[%clk 0:02:21]} Kc6 {[%clk 0:10:58]} 50. Kf7 {[%clk 0:02:22]} Kb6
{[%clk 0:10:22]} 51. Kxe6 {[%clk 0:02:15]} Ka5 {[%clk 0:10:33]} 52. Kd5
{[%clk 0:02:39]} Kb4 {[%clk 0:10:35]} 53. Rh6 {[%clk 0:02:57]} Ka5
{[%clk 0:06:04]} 54. Rc6 {[%clk 0:03:13]} Kb4 {[%clk 0:05:45]} 55. Rb6+
{[%clk 0:03:36]} Ka5 {[%clk 0:06:01]} 56. Rb5+ {[%clk 0:03:51]} Ka6
{[%clk 0:06:06]} 57. Rxc5 {[%clk 0:04:16]} Bxc5 {[%clk 0:05:57]} 58. Kxc5
{[%clk 0:04:37]} 1-0

[Event "EYCC 2024 - O14"]
[Site "?"]
[Date "2024.08.31"]
[Round "9.11"]
[White "Battistelli, Fausto"]
[Black "Perea Fruet, Federico"]
[Result "0-1"]
[BlackElo "2094"]
[WhiteElo "2011"]
[LiveChessVersion "1.4.8"]

1. e4 {[%clk 1:30:56]} c6 {[%clk 1:30:55]} 2. d4 {[%clk 1:31:16]} d5
{[%clk 1:31:15]} 3. e5 {[%clk 1:31:20]} Bf5 {[%clk 1:31:37]} 4. h4
{[%clk 1:31:41]} h5 {[%clk 1:31:52]} 5. c4 {[%clk 1:31:36]} e6 {[%clk 1:31:41]}
6. Nc3 {[%clk 1:31:46]} Ne7 {[%clk 1:30:21]} 7. Nge2 {[%clk 1:31:12]} Nd7
{[%clk 1:28:13]} 8. Ng3 {[%clk 1:31:09]} Bg6 {[%clk 1:27:39]} 9. Bg5
{[%clk 1:28:38]} Qb6 {[%clk 1:22:18]} 10. Rc1 {[%clk 1:20:10]} dxc4
{[%clk 1:06:41]} 11. Bxc4 {[%clk 1:19:10]} O-O-O {[%clk 1:04:47]} 12. Na4 Qc7
{[%clk 1:02:22]} 13. Qb3 {[%clk 0:55:35]} f6 {[%clk 0:53:47]} 14. Be3
{[%clk 0:38:48]} Nd5 {[%clk 0:51:11]} 15. O-O {[%clk 0:35:43]} N7b6
{[%clk 0:47:08]} 16. Nxb6+ {[%clk 0:20:36]} Qxb6 {[%clk 0:45:49]} 17. Qxb6
{[%clk 0:17:12]} axb6 {[%clk 0:46:10]} 18. Bxd5 {[%clk 0:10:19]} Rxd5
{[%clk 0:44:57]} 19. f4 {[%clk 0:09:52]} Be7 {[%clk 0:42:43]} 20. Ne2
{[%clk 0:06:10]} Bd3 {[%clk 0:30:40]} 21. Nc3 {[%clk 0:06:06]} Bxf1
{[%clk 0:30:30]} 22. Nxd5 {[%clk 0:06:33]} exd5 {[%clk 0:30:50]} 23. Rxf1
{[%clk 0:06:48]} f5 {[%clk 0:27:12]} 24. g3 {[%clk 0:07:00]} Kd7 {[%clk 0:27:01]}
25. Rc1 {[%clk 0:07:02]} Ra8 {[%clk 0:26:41]} 26. a3 {[%clk 0:06:04]} Ra4
{[%clk 0:25:57]} 27. Bf2 {[%clk 0:01:02]} b5 {[%clk 0:25:44]} 28. Kf1
{[%clk 0:01:18]} b4 {[%clk 0:24:31]} 29. axb4 {[%clk 0:01:46]} Bxb4
{[%clk 0:24:53]} 30. Ke2 {[%clk 0:01:28]} Ra2 {[%clk 0:24:34]} 31. Rc2
{[%clk 0:01:52]} Ba3 {[%clk 0:23:43]} 32. Kd3 {[%clk 0:02:00]} Rxb2
{[%clk 0:22:31]} 33. Rxb2 {[%clk 0:02:16]} Bxb2 {[%clk 0:22:59]} 34. Kc2
{[%clk 0:02:45]} Ba3 {[%clk 0:23:07]} 35. Kb3 {[%clk 0:03:10]} Be7
{[%clk 0:23:07]} 36. Ka4 {[%clk 0:01:18]} b6 {[%clk 0:18:17]} 37. Be3
{[%clk 0:00:32]} Kc7 {[%clk 0:17:48]} 38. Bf2 {[%clk 0:00:34]} Kb7
{[%clk 0:17:42]} 39. Be3 {[%clk 0:00:36]} Ka6 {[%clk 0:16:36]} 40. Bf2
{[%clk 0:00:31]} c5 {[%clk 0:15:58]} 41. dxc5 {[%clk 0:00:37]} bxc5
{[%clk 0:16:16]} 42. Be3 {[%clk 0:00:31]} Kb6 {[%clk 0:16:03]} 43. Bf2
{[%clk 0:00:31]} g6 {[%clk 0:15:09]} 44. Be3 {[%clk 0:00:31]} d4 {[%clk 0:13:44]}
45. Bd2 {[%clk 0:00:59]} Kc6 {[%clk 0:13:46]} 46. Ka5 {[%clk 0:01:10]} c4
{[%clk 0:09:38]} 47. Bb4 {[%clk 0:01:05]} Bd8+ {[%clk 0:09:40]} 48. Ka4
{[%clk 0:01:26]} Kd5 {[%clk 0:09:16]} 49. Kb5 d3 {[%clk 0:08:12]} 50. Bc3
{[%clk 0:01:15]} Be7 {[%clk 0:08:19]} 51. Ka4 {[%clk 0:01:21]} Bc5
{[%clk 0:08:20]} 52. Kb5 {[%clk 0:00:52]} Be3 {[%clk 0:07:37]} 53. e6
{[%clk 0:00:50]} Kxe6 0-1

[Event "EYCC 2024 - O14"]
[Site "?"]
[Date "2024.08.31"]
[Round "9.12"]
[White "Khoury, Theo"]
[Black "Roubal, Matyas"]
[Result "1-0"]
[BlackElo "1916"]
[WhiteElo "2085"]
[LiveChessVersion "1.4.8"]

1. e4 {[%clk 1:30:59]} c5 {[%clk 1:30:56]} 2. Nf3 {[%clk 1:31:24]} Nc6
{[%clk 1:31:17]} 3. d4 {[%clk 1:31:43]} cxd4 {[%clk 1:31:43]} 4. Nxd4
{[%clk 1:32:07]} g6 {[%clk 1:31:43]} 5. c4 {[%clk 1:32:33]} Bg7 {[%clk 1:32:10]}
6. Be3 {[%clk 1:32:57]} Nf6 {[%clk 1:32:36]} 7. Nc3 {[%clk 1:33:23]} O-O
{[%clk 1:32:57]} 8. Be2 {[%clk 1:33:50]} d6 {[%clk 1:33:22]} 9. O-O
{[%clk 1:34:15]} Bd7 {[%clk 1:33:45]} 10. h3 {[%clk 1:34:42]} Nxd4
{[%clk 1:34:03]} 11. Bxd4 {[%clk 1:35:08]} Bc6 {[%clk 1:34:09]} 12. Qc2
{[%clk 1:35:34]} a5 {[%clk 1:33:42]} 13. Rad1 {[%clk 1:35:58]} Nd7
{[%clk 1:31:32]} 14. Bxg7 {[%clk 1:36:22]} Kxg7 {[%clk 1:31:58]} 15. Bg4
{[%clk 1:36:46]} Ne5 {[%clk 1:18:20]} 16. c5 {[%clk 1:37:11]} Nxg4
{[%clk 1:16:54]} 17. hxg4 {[%clk 1:37:37]} Qc8 {[%clk 1:16:43]} 18. cxd6
{[%clk 1:38:02]} Qxg4 {[%clk 1:07:42]} 19. dxe7 {[%clk 1:38:26]} Rfe8
{[%clk 1:08:02]} 20. Nd5 {[%clk 1:38:53]} Bxd5 {[%clk 1:07:38]} 21. Qc3+
{[%clk 1:39:20]} f6 {[%clk 0:51:28]} 22. exd5 {[%clk 1:39:44]} Rxe7
{[%clk 0:51:53]} 23. d6 {[%clk 1:40:09]} Rd7 {[%clk 0:51:10]} 24. Rfe1
{[%clk 1:35:02]} Rad8 {[%clk 0:38:05]} 25. Rd4 {[%clk 1:23:21]} Qf5
{[%clk 0:33:01]} 26. Ree4 {[%clk 1:13:16]} Qb5 {[%clk 0:24:18]} 27. Qe3
{[%clk 1:07:16]} Qc5 {[%clk 0:14:39]} 28. Re7+ {[%clk 1:06:46]} Rxe7
{[%clk 0:12:55]} 29. Qxe7+ {[%clk 1:07:10]} Kh6 {[%clk 0:13:20]} 30. Qxf6
{[%clk 1:07:11]} Qc1+ {[%clk 0:12:27]} 31. Kh2 {[%clk 1:07:35]} Qg5
{[%clk 0:12:31]} 32. Rh4+ {[%clk 1:08:01]} 1-0

[Event "EYCC 2024 - O14"]
[Site "?"]
[Date "2024.08.31"]
[Round "9.13"]
[White "Popov, Roman"]
[Black "Lehocz, Jozsef Jr."]
[Result "1/2-1/2"]
[BlackElo "2069"]
[WhiteElo "1962"]
[LiveChessVersion "1.4.8"]

1. d4 {[%clk 1:30:50]} c5 {[%clk 1:30:43]} 2. d5 {[%clk 1:30:49]} f5
{[%clk 1:30:40]} 3. c4 {[%clk 1:27:54]} Nf6 {[%clk 1:30:00]} 4. Nc3
{[%clk 1:27:02]} Na6 {[%clk 1:26:58]} 5. g3 {[%clk 1:25:50]} g6 {[%clk 1:25:52]}
6. Bg2 {[%clk 1:25:53]} d6 {[%clk 1:25:04]} 7. Nf3 {[%clk 1:20:33]} Bg7
{[%clk 1:24:50]} 8. O-O {[%clk 1:17:19]} O-O {[%clk 1:24:49]} 9. Nd2
{[%clk 1:09:31]} Nc7 {[%clk 1:22:03]} 10. e4 {[%clk 1:04:57]} Rb8
{[%clk 1:02:31]} 11. Qe2 {[%clk 0:58:08]} e5 {[%clk 0:55:16]} 12. dxe6
{[%clk 0:56:23]} Nxe6 {[%clk 0:44:38]} 13. Nf3 {[%clk 0:50:13]} Nd4
{[%clk 0:42:48]} 14. Nxd4 {[%clk 0:44:54]} cxd4 {[%clk 0:43:13]} 15. Nb5
{[%clk 0:42:55]} fxe4 {[%clk 0:36:40]} 16. Bf4 {[%clk 0:38:28]} d3
{[%clk 0:29:14]} 17. Qe3 {[%clk 0:35:45]} a6 {[%clk 0:18:40]} 18. Nxd6
{[%clk 0:29:52]} g5 {[%clk 0:17:39]} 19. Bxg5 {[%clk 0:27:49]} Qxd6
{[%clk 0:14:33]} 20. Bf4 {[%clk 0:28:11]} Qb4 {[%clk 0:12:22]} 21. Bxb8
{[%clk 0:27:44]} Bf5 {[%clk 0:04:35]} 22. Qf4 {[%clk 0:16:23]} Nh5
{[%clk 0:03:48]} 23. Qg5 {[%clk 0:15:36]} Bg6 {[%clk 0:03:25]} 24. Qd5+
{[%clk 0:13:28]} Bf7 {[%clk 0:03:26]} 25. Bd6 {[%clk 0:10:11]} Qb6
{[%clk 0:02:42]} 26. Bc5 {[%clk 0:08:20]} Bxd5 {[%clk 0:02:28]} 27. Bxb6
{[%clk 0:08:42]} Bc6 {[%clk 0:02:56]} 28. Rab1 {[%clk 0:05:32]} Nf6
{[%clk 0:02:04]} 29. Bd4 {[%clk 0:03:33]} 1/2-1/2

[Event "EYCC 2024 - O14"]
[Site "?"]
[Date "2024.08.31"]
[Round "9.14"]
[White "Gvasalia, Gaga"]
[Black "Martirosyan, David"]
[Result "1-0"]
[BlackElo "2066"]
[WhiteElo "1820"]
[LiveChessVersion "1.4.8"]

1. e4 {[%clk 1:30:56]} c6 {[%clk 1:30:52]} 2. d4 {[%clk 1:31:22]} d5
{[%clk 1:31:18]} 3. e5 {[%clk 1:31:48]} c5 {[%clk 1:31:40]} 4. dxc5
{[%clk 1:32:12]} e6 {[%clk 1:32:04]} 5. Nf3 {[%clk 1:32:38]} Bxc5
{[%clk 1:32:29]} 6. Bd3 {[%clk 1:33:06]} f6 {[%clk 1:27:11]} 7. h4
{[%clk 1:06:00]} Nc6 {[%clk 1:23:11]} 8. Qe2 {[%clk 1:02:59]} fxe5
{[%clk 1:18:03]} 9. Nxe5 {[%clk 1:01:39]} Nf6 {[%clk 1:18:15]} 10. Nxc6
{[%clk 0:54:49]} bxc6 {[%clk 1:18:26]} 11. Be3 {[%clk 0:55:05]} Bd6
{[%clk 1:13:10]} 12. Bd4 {[%clk 0:53:25]} O-O {[%clk 1:10:20]} 13. Be5
{[%clk 0:49:56]} Bxe5 {[%clk 1:02:17]} 14. Qxe5 {[%clk 0:50:24]} Qb6
{[%clk 1:02:23]} 15. O-O {[%clk 0:43:46]} c5 16. b3 {[%clk 0:33:05]} Bd7
{[%clk 0:52:37]} 17. Nd2 Qb4 {[%clk 0:47:23]} 18. Nf3 {[%clk 0:30:31]} Qg4 19.
Qd6 Rad8 {[%clk 0:29:13]} 20. Qxc5 {[%clk 0:29:29]} Bc8 {[%clk 0:22:45]} 21. Qd4
{[%clk 0:27:34]} Ne4 22. Ne5 {[%clk 0:19:42]} Qf4 {[%clk 0:17:48]} 23. f3
{[%clk 0:17:28]} Ng3 {[%clk 0:16:17]} 24. Qxf4 {[%clk 0:17:12]} Rxf4
{[%clk 0:16:45]} 25. Rfe1 {[%clk 0:15:23]} Rxh4 {[%clk 0:15:06]} 26. Kf2
{[%clk 0:14:39]} Nh5 {[%clk 0:11:46]} 27. Nc6 {[%clk 0:11:58]} Rd7
{[%clk 0:11:26]} 28. Rxe6 {[%clk 0:11:06]} Rc7 {[%clk 0:10:51]} 29. Rd6
{[%clk 0:11:23]} Nf4 {[%clk 0:06:33]} 30. Re1 {[%clk 0:04:03]} Nxd3+
{[%clk 0:03:55]} 31. cxd3 {[%clk 0:04:31]} Bb7 {[%clk 0:01:26]} 32. Re7
{[%clk 0:04:29]} Rxe7 {[%clk 0:01:19]} 33. Nxe7+ {[%clk 0:04:57]} Kf8
{[%clk 0:01:25]} 34. Nf5 {[%clk 0:04:39]} Rb4 {[%clk 0:01:41]} 35. Rd8+
{[%clk 0:04:28]} Kf7 {[%clk 0:02:09]} 36. Rb8 {[%clk 0:04:05]} Rb6 37. Rxb7+
{[%clk 0:04:28]} 1-0